Computer system & programming in C / (Record no. 152001)

MARC details
000 -LEADER
fixed length control field 00555nam a22001817a 4500
005 - DATE AND TIME OF LATEST TRANSACTION
control field 20180511110307.0
010 ## - LCCN (DPL NO)
LC control number ENG-122980
020 ## - INTERNATIONAL STANDARD BOOK NUMBER
Terms of availability 195.00
International Standard Book Number 9789386551436
035 ## - SYSTEM CONTROL NUMBER
System control number EN-106512
037 ## - SOURCE OF ACQUISITION
Source of stock number/acquisition DBAD/PUB.
082 ## - DEWEY DECIMAL CLASSIFICATION NUMBER
Classification number 005.133
100 ## - MAIN ENTRY--PERSONAL NAME
Personal name Kanetkar, Yashavant
245 ## - TITLE STATEMENT
Title Computer system & programming in C /
Statement of responsibility, etc by Yashavant Kanetkar
260 ## - PUBLICATION, DISTRIBUTION, ETC. (IMPRINT)
Place of publication, distribution, etc New Dellhi
Name of publisher, distributor, etc BPB Publications
Date of publication, distribution, etc 2016
270 ## - ADDRESS
Address 20, Ansari Road, Darya Ganj,
City New Dellhi
Postal code 110002
300 ## - PHYSICAL DESCRIPTION
Extent 206p.
Dimensions 22cm(pbk)
Other physical details ill.
942 ## - ADDED ENTRY ELEMENTS (KOHA)
Source of classification or shelving scheme Dewey Decimal Classification
Item type English Books
Call number suffix KAN
Classification part 005.133
Holdings
Withdrawn status Lost status Not for loan Collection code Home library Current library Date acquired Source of acquisition Cost, normal purchase price Full call number Barcode Copy number Cost, replacement price Koha item type
    Not For Loan Non-fiction D.B.Act.Division Patel Nagar 11/05/2018 DBAD/PUB 195.00 005.133 KAN EN-106512 1 195.00 English Books

© Delhi Public Library
Hit Counter
free hit counter